Health Psychology (Record no. 13247)

MARC details
000 -LEADER
fixed length control field 00418nam a22001817a 4500
003 - CONTROL NUMBER IDENTIFIER
control field OSt
008 - FIXED-LENGTH DATA ELEMENTS--GENERAL INFORMATION
fixed length control field 250403b |||||||| |||| 00| 0 eng d
020 ## - INTERNATIONAL STANDARD BOOK NUMBER
International Standard Book Number 9789360530549
082 ## - DEWEY DECIMAL CLASSIFICATION NUMBER
Classification number 616.0019
Item number BRH
100 ## - MAIN ENTRY--PERSONAL NAME
Personal name BRANNON,Linda
245 ## - TITLE STATEMENT
Title Health Psychology
250 ## - EDITION STATEMENT
Edition statement 10th Ed
260 ## - PUBLICATION, DISTRIBUTION, ETC. (IMPRINT)
Place of publication, distribution, etc New Delhi
Name of publisher, distributor, etc Cengage
Date of publication, distribution, etc 2024
300 ## - PHYSICAL DESCRIPTION
Extent 574
700 ## - ADDED ENTRY--PERSONAL NAME
Personal name UPDEGRAFF,John A
700 ## - ADDED ENTRY--PERSONAL NAME
Personal name FEIST,Jess
942 ## - ADDED ENTRY ELEMENTS (KOHA)
Source of classification or shelving scheme Dewey Decimal Classification
Koha item type Reference Books
Holdings
Withdrawn status Lost status Source of classification or shelving scheme Damaged status Not for loan Collection code Home library Current library Date acquired Source of acquisition Currency Cost, normal purchase price Bill Number Total Checkouts Full call number Acc. no. / Barcode Date last seen Actual Cost, discounted price Bill Date Koha item type
    Dewey Decimal Classification     GENERAL PIET C-LIBRARY PIET C-LIBRARY 28/03/2025 Zaffa Books INR 1050.00 ZBD0585   616.0019 BRH 38928 03/04/2025 756.00 28/03/2025 Reference Books

Design & Developed by: PIET Central Library
R70 Miles Stone Pattikalyana Samalkha Panipat 132102
mail ID :- [email protected], Phone No:- 0180-2569700 Ex.216